00854 a2200193 450000100040000000500170000400800410002100300150006204000400007708000730011724500600019026400490025030000180029950502810031704100080059810000200060670000140062670000200064020120260407155414.0260407a1968 arg spa dAR-UNSa-BCEJYS aAR-UNSa-BCEJYSbspacAR-UNSa-BCEJYS a658.3xPersonal. Relaciones humanas en la empresa (Recursos Humanos)10aPlanificación de plantillas de personal en la empresa 1aMadrid :bIberico Europea de Edicionesc1968 a162 p.c21 cm a1. Planificación de plantillas. Estudio de algunos casos 2. Fines y desarrollo de la planificación de plantillas 3. La relación entre la planificación general de la compañia y la planificación de plantillas 4. La planificación de plantillas a corto y largo plazo aspa1 aMargulies, Alex1 aCox, Anne1 aSoderlund, Jens